| 000 | 00693nam a2200193 i 4500 | ||
|---|---|---|---|
| 001 | 25669 | ||
| 003 | ES-MaACL | ||
| 005 | 20250819174135.0 | ||
| 007 | t| | ||
| 008 | 030102s1951 fr ||||1| fre d | ||
| 245 | 0 | 4 |
_aLes archives secrètes de la Wilhelmstrasse. _nII, _pL'Allemagne et la Tchécoslovaquie (1937-1938) / _cdocuments traduits de l'allemand par Michel Tournier. |
| 260 |
_aParis : _bLibrairie Plon, _c1951. |
||
| 300 |
_aIII, 632 p. ; _c23 cm. |
||
| 651 | 4 |
_aAlemania- _xRelaciones- _zChecoslovaquia. _9168668 |
|
| 700 | 1 |
_aTournier, Michel, _d1924-2016 _9111147 |
|
| 710 | 1 |
_aAlemania. _bAuswèartiges Amt. _9134104 |
|
| 852 |
_aES-MaACL _jP-1043-1 |
||
| 999 |
_c25669 _d25669 |
||